书目信息 |
| 题名: |
总裁艺术
|
|
| 作者: | 周正 , Lijie.Zhang , 周虹 著 | |
| 分册: | ||
| 出版信息: | 北京 气象出版社 2009.01 |
|
| 页数: | 183页 | |
| 开本: | 24cm | |
| 丛书名: | ||
| 单 册: | ||
| 中图分类: | F272.91 | |
| 科图分类: | ||
| 主题词: | 企业领导学--语言艺术 | |
| 电子资源: | ||
| ISBN: | 978-7-5029-4660-9 | |
| 000 | 00768nam0 2200253 450 | |
| 001 | 004060712 | |
| 005 | 20100807102830.20 | |
| 010 | @a978-7-5029-4660-9@dCNY28.00 | |
| 100 | @a20100515d2009 em y0chiy50 ea | |
| 101 | 0 | @achi |
| 102 | @aCN@b110000 | |
| 105 | @ay z 000yy | |
| 200 | 1 | @a总裁艺术@Azong cai yi shu@e管理语言@f周正, Lijie.Zhang, 周虹著 |
| 210 | @a北京@c气象出版社@d2009.01 | |
| 215 | @a183页@d24cm | |
| 330 | @a本书内容涉及新财富观、新用人观、王者的思想、王者的根本、对己、对人、对团队等。 | |
| 517 | 1 | @a管理语言@Aguan li yu yan |
| 606 | 0 | @a企业领导学@x语言艺术 |
| 690 | @aF272.91@v4 | |
| 701 | 0 | @a周正@Azhou zheng@4著 |
| 701 | 0 | @aLijie.Zhang@4著 |
| 701 | 0 | @a周虹@Azhou hong@4著 |
| 801 | 0 | @aCN@c20100515 |
| 905 | @dF272.91@eZ812@f5 | |
| 总裁艺术:管理语言/周正, Lijie.Zhang, 周虹著.-北京:气象出版社,2009.01 |
| 183页;24cm |
| ISBN 978-7-5029-4660-9:CNY28.00 |
| 本书内容涉及新财富观、新用人观、王者的思想、王者的根本、对己、对人、对团队等。 |
| ● |
| 相关链接 |
|
|
|
正题名:总裁艺术
索取号:F272.91/Z812
 
预约/预借
| 序号 | 登录号 | 条形码 | 馆藏地/架位号 | 状态 | 备注 |
| 1 | 999919 | 209999199 | 社科二线422/422社科库 13排1列1层/ [索取号:F272.91/Z812] | 在馆 | |
| 2 | 999920 | 209999206 | 社科二线422/422社科库 13排1列1层/ [索取号:F272.91/Z812] | 在馆 | |
| 3 | 999921 | 209999215 | 社科库409/409社科库 89排3列3层/ [索取号:F272.91/Z812] | 在馆 | |
| 4 | 999922 | 209999224 | 社科二线422/422社科库 13排1列1层/ [索取号:F272.91/Z812] | 在馆 | |
| 5 | 999923 | 209999233 | 社科二线422/422社科库 13排1列1层/ [索取号:F272.91/Z812] | 在馆 |